000
00328nam a2200145Ia 4500
999
_c
14326
_d
14326
003
OSt
005
20260210174946.0
008
260210s9999 xx 000 0 und d
020
_a
9780727760760
082
_a
346.4205
100
_a
Perry
245
0
_a
Risk Assessments Questions and Answer
260
_b
ICE
942
_c
UG
_2
ddc